Normal view
MARC view
- Grimley, Bruce.
Entry Personal Name
001 - CONTROL NUMBER
- control field: 3994
003 - CONTROL NUMBER IDENTIFIER
- control field: NUST
005 - DATE AND TIME OF LATEST TRANSACTION
- control field: 20170823120945.0
008 - FIXED-LENGTH DATA ELEMENTS
- fixed length control field: 170823|| aca||aabn | a|a d
040 ## - CATALOGING SOURCE
- Original cataloging agency: NUST
- Transcribing agency: NUST
100 ## - HEADING--PERSONAL NAME
- Personal name: Grimley, Bruce.
670 ## - SOURCE DATA FOUND
- Source citation: Work cat.: (NUST)0: Grimley, Bruce., THEORY AND PRACTICE OF NLP COACHING :
